Law, Business and Society (Record no. 3790)

MARC details
005 - DATE AND TIME OF LATEST TRANSACTION
control field 20250613083912.0
020 ## - INTERNATIONAL STANDARD BOOK NUMBER
International Standard Book Number 978-0-07-304810-9
082 ## - DEWEY DECIMAL CLASSIFICATION NUMBER
Classification number 346.76 MCA
100 ## - MAIN ENTRY--PERSONAL NAME
Author name McADAMS, T
245 ## - TITLE STATEMENT
Title Law, Business and Society
250 ## - EDITION STATEMENT
Edition statement 8th Ed.
260 ## - PUBLICATION, DISTRIBUTION, ETC.
Place of publication, distribution, etc. Boston
Name of publisher, distributor, etc. McGraw-Hill Irwin
Date of publication, distribution, etc. 2007.
300 ## - PHYSICAL DESCRIPTION
Extent xxi,830p.
Other physical details index
Dimensions 26 cm
700 ## - ADDED ENTRY--PERSONAL NAME
Other authors/Editors Nancy Neslund
700 ## - ADDED ENTRY--PERSONAL NAME
Other authors/Editors Kristofer Neslund
942 ## - ADDED ENTRY ELEMENTS (KOHA)
Source of classification or shelving scheme Dewey Decimal Classification
Koha item type Books
Holdings
Date last seen Total checkouts Full call number Barcode Cost, replacement price Price effective from Koha item type Lost status Source of classification or shelving scheme Damaged status Not for loan Withdrawn status Home library Current library Shelving location Date acquired Source of acquisition Cost, normal purchase price
06/12/2025   346.73 MCA MWZ000901 150000.00 06/12/2025 Books   Dewey Decimal Classification       CBE Mwanza CBE Mwanza General Collection 07/01/2007 Library Budget 50000.00
06/12/2025   346.73 MCA MWZ000902 150000.00 06/12/2025 Books   Dewey Decimal Classification       CBE Mwanza CBE Mwanza General Collection 07/01/2007 Library Budget 50000.00
06/12/2025   346.73 MCA MWZ000903 150000.00 06/12/2025 Books   Dewey Decimal Classification       CBE Mwanza CBE Mwanza General Collection 07/01/2007 Library Budget 50000.00
06/12/2025   346.73 MCA MWZ000904 150000.00 06/12/2025 Books   Dewey Decimal Classification       CBE Mwanza CBE Mwanza General Collection 07/01/2007 Library Budget 50000.00
06/12/2025   346.73 MCA MWZ000905 150000.00 06/12/2025 Books   Dewey Decimal Classification       CBE Mwanza CBE Mwanza General Collection 07/01/2007 Library Budget 50000.00
06/12/2025   346.73 MCA MWZ000906 150000.00 06/12/2025 Books   Dewey Decimal Classification       CBE Mwanza CBE Mwanza General Collection 07/01/2007 Library Budget 50000.00
06/27/2025   346.73 MCA MZA0002345 150000.00 06/27/2025 Books   Dewey Decimal Classification       CBE Mwanza CBE Mwanza General Collection 07/23/2007 Library Budget 50000.00
06/27/2025   346.73 MCA MZA0002346 150000.00 06/27/2025 Books   Dewey Decimal Classification       CBE Mwanza CBE Mwanza General Collection 07/23/2007 Library Budget 50000.00
06/27/2025   346.73 MCA MZA0002347 150000.00 06/27/2025 Books   Dewey Decimal Classification       CBE Mwanza CBE Mwanza General Collection 07/23/2007 Library Budget 50000.00
06/27/2025   346.73 MCA MZA0002348 150000.00 06/27/2025 Books   Dewey Decimal Classification       CBE Mwanza CBE Mwanza General Collection 07/23/2007 Library Budget 50000.00
06/27/2025   346.73 MCA MZA0002349 150000.00 06/27/2025 Books   Dewey Decimal Classification       CBE Mwanza CBE Mwanza General Collection 07/23/2007 Library Budget 50000.00
06/27/2025   346.73 MCA MZA0002350 150000.00 06/27/2025 Books   Dewey Decimal Classification       CBE Mwanza CBE Mwanza General Collection 07/23/2007 Library Budget 50000.00
06/27/2025   346.73 MCA MZA0002351 150000.00 06/27/2025 Books   Dewey Decimal Classification       CBE Mwanza CBE Mwanza General Collection 07/23/2007 Library Budget 50000.00